000 00452nam a22001577a 4500
999 _c1972
_d1972
008 200210b ||||| |||| 00| 0 eng d
020 _a0521662435
100 _91574
_aJones, Ian S. F.
245 1 0 _aWind stress over the ocean
_cby Ian S. F. Jones and Yoshiaki Toba (Ed.)
250 _a1st ed.
260 _aLondon
_bCambridge University Press
_c2001
300 _axviii,307p.
650 0 _aOcean Waves
700 _91575
_aToba, Yoshiaki
942 _cBK